Normal view
MARC view
Entry Personal Name
001 - CONTROL NUMBER
- control field: 16176
003 - CONTROL NUMBER IDENTIFIER
- control field: HDC
005 - DATE AND TIME OF LATEST TRANSACTION
- control field: 20230624073457.0
008 - FIXED-LENGTH DATA ELEMENTS
- fixed length control field: 210221|| aca||aabn | a|a d
040 ## - CATALOGING SOURCE
- Original cataloging agency: HDC
- Transcribing agency: HDC
100 ## - HEADING--PERSONAL NAME
- Personal name: Jessica Lin
670 ## - SOURCE DATA FOUND
- Source citation: Work cat.: (HDC): Jessica Lin, author, This Singapore-Malaysia couple’s skincare product is one of Amazon’s top-sellers – Here’s how love has made their business work /
